00758nam a2200169 i 4500001000700000003000900007005001700016008004100033100003400074245019200108260008400300300002200384610004500406650003500451700002200486852008000508166459ES-MaACL20230906213335.0981002q1860 sp |||| | spa d1 aTorralba Pedreño, Federico.10aCristo y la civilización : b(lecciones pronunciadas en el Ateneo Científico y Literario de Madrid) / cpor Federico Torralba, precedida de un juicio crítico de Mr. Anselmo Dubrois. a[Madrid : bs.n., cca. 1860] (fImp. de la Viuda de Orga, Plazuela del Biombo) a123 p. ; c22 cm.24aAteneo de Madrid-vConferencias-yS.XIX. 4aCristianismo y civilización.1 aDubrois, Anselme.4 aES-MaACLjT-191-F-6 z- Enc. hol. z- Dedicatoria autógrafa del autor